000 00358nam a2200145Ia 4500
008 150301s2014 xx 000 0 und d
082 _a610.7
_bL14N
100 _aNETTINA, SANDRA M.
245 _aLIPPINCOTT MANUAL OF NURSING PRACTICE
250 _a10TH
260 _bWOLTER KLUWER
_c2014
300 _a1912
650 _aNURSING PRACTICE
942 _2ddc
_cBK
999 _c6852
_d6852